| 000 | 01315cam a2200313 a 4500 | ||
|---|---|---|---|
| 999 |
_c18573 _d18573 |
||
| 001 | 13555985 | ||
| 005 | 20170113090408.0 | ||
| 008 | 040412s2003 nyua 001 0 eng | ||
| 010 | _a 2004298828 | ||
| 020 | _a0823013952 | ||
| 042 | _alccopycat | ||
| 050 | 0 | 0 | _aNC730 .G285 2003 |
| 100 | 1 | _aGarcia, Claire Watson. | |
| 245 | 1 | 0 |
_aDrawing for the absolute and utter beginner / _cClaire Watson Garcia. |
| 260 |
_aNew York : _bWatson-Guptill Publications, _c2003. |
||
| 300 |
_a160 p. : _bill. (some col.) ; _c28 cm. |
||
| 500 | _aIncludes index. | ||
| 650 | 0 |
_aDrawing _xTechnique. |
|
| 942 |
_2lcc _cBOOKS _hNC730 .G285 2003 |
||